| 000 | 00658nam a22002173 4500 | ||
|---|---|---|---|
| 001 | 20830 | ||
| 003 | UkOxU | ||
| 005 | 20211209000622.0 | ||
| 008 | 140302r19331924enk 000 1 eng d | ||
| 035 | _a BD-RjUL)20892 | ||
| 040 |
_aEQO _cEQO _beng _dBD-RjUL |
||
| 041 | _aeng | ||
| 082 | 0 | 0 |
_bROU 1933 _a823 |
| 245 | 0 | 2 |
_aA round of tales from W. Irving to A. Blackwood / _cSelected by N. Henry & H.A. Treble. |
| 260 |
_aLondon : _c1924. [Reprinted 1933] _bOxford University Press, |
||
| 300 |
_a186p. ; _c16cm. |
||
| 650 |
_aModern Fiction _964336 |
||
| 700 | 1 |
_aHenry, N. _964337 |
|
| 700 | 1 |
_aTreble, H. A. _q(Henry Arthur), _d1877- _964338 |
|
| 942 |
_2ddc _cBK |
||
| 999 |
_c20830 _d20830 |
||